书目信息 |
| 题名: |
中华人民共和国经济史
|
|
| 作者: | 赵德馨 主编 | |
| 分册: | ||
| 出版信息: | 郑州 河南人民出版社 1989.2 |
|
| 页数: | 866页 | |
| 开本: | 20厘米 | |
| 丛书名: | ||
| 单 册: | ||
| 中图分类: | F129.7 | |
| 科图分类: | ||
| 主题词: | 经济史--中国--1967-1984年 | |
| 电子资源: | ||
| ISBN: | 7-215-00181-4 | |
| 000 | 00947nam0 2200253 45 | |
| 001 | 0189020389 | |
| 005 | 20040425095056.2 | |
| 010 | @a7-215-00181-4@b精装@dCNY10.50 | |
| 020 | @aCN@b89020389 | |
| 100 | @a19910905d1989 m y0chiy0120 ea | |
| 101 | 0 | @achi |
| 102 | @aCN@b410000 | |
| 105 | @ay z 000yy | |
| 106 | @ar | |
| 200 | 10 | @a中华人民共和国经济史@Azhong hua ren min gong he guo jing ji shi@e1967-1984@f赵德馨主编@Fzhao de xin zhu bian |
| 210 | @a郑州@c河南人民出版社@d1989.2 | |
| 215 | @a866页@d20厘米 | |
| 330 | @a本书作者对1967-1984年中国经济发展总过程和经济工作的经验教训进行了系统地分析,详尽叙述了探索中国社会主义道路的历史过程,着力于揭示中国社会主义经济发展的客观规律。 | |
| 540 | 1 | @a中华人民共和国 经济史@Azhong hua ren min gong he guo jing ji shi |
| 606 | @a经济史@y中国@z1967-1984年 | |
| 690 | @aF129.7@v1980 | |
| 701 | 0 | @a赵德馨@Azhao de xin@4主编 |
| 801 | 0 | @aCN@bNLC@c19910905 |
| 905 | @f1@b225690@dF129.7@e42:3 | |
| 中华人民共和国经济史:1967-1984/赵德馨主编.-郑州:河南人民出版社,1989.2 |
| 866页;20厘米 |
| ISBN 7-215-00181-4(精装):CNY10.50 |
| 本书作者对1967-1984年中国经济发展总过程和经济工作的经验教训进行了系统地分析,详尽叙述了探索中国社会主义道路的历史过程,着力于揭示中国社会主义经济发展的客观规律。 |
| ● |
| 相关链接 |
|
|
|
|
正题名:中华人民共和国经济史
索取号:F129.7/42:3
 
预约/预借
| 序号 | 登录号 | 条形码 | 馆藏地/架位号 | 状态 | 备注 |
| 1 | 0225690 | 000202300 | 第一借阅区/ [索取号:F129.7/42:3] | 在馆 | |
| 2 | 0225691 | 000202293 | 第一样本阅览室/ [索取号:F129.7/42:3] | 在馆 |